Statistics for management

Αποθηκεύτηκε σε:
Λεπτομέρειες βιβλιογραφικής εγγραφής
Κύριος συγγραφέας: Chao, Lincoln L.
Μορφή: Βιβλίο
Γλώσσα:English
Δημοσίευση: Monterey, Calif. : Brooks/Cole Pub. Co., c1980
Θέματα:
Ετικέτες: Προσθήκη ετικέτας
Δεν υπάρχουν, Καταχωρήστε ετικέτα πρώτοι!

MARC

LEADER 00000cam a2200000 i 4500
001 1/30387
008 950808s1980 eng d
020 |a 081850367X  |c $18.95 
035 |l 10023392 
040 |a GR-MY-UA  |b gre  |e aacr 
041 0 |a eng 
082 0 |a 658.4033 
100 1 |a Chao, Lincoln L. 
245 1 0 |a Statistics for management /  |c Lincoln L. Chao ; [ill., Lori Heckelman] 
260 |a Monterey, Calif. :   |b Brooks/Cole Pub. Co.,   |c c1980 
300 |a xiv, 738 p.;  |b ill.;  |c 24 cm 
500 |a Includes index 
650 0 0 |a Statistical decision. 
852 |a INST  |b CHIOS  |e 19950808  |h 658.4033 CHA  |p 005200001354  |q 005200001354  |t BK  |y 0 
909 |a Χ  |b 013197